000
00457nam a2200181Ia 4500
008
100917s9999 xx 000 0 und d
082
_b
13246
100
_a
बापट ग. पु.
245
_a
आर्या माता
260
_b
---
_c
1807
300
_a
20
365
_b
0
520
_a
कविता
630
_a
आर्या माता
650
_a
कविता
730
_a
आर्या माता
942
_c
BOOK
999
_c
618640
_d
618637